000 00475nam a2200145Ia 4500
008 240729s9999 xx 000 0 und d
245 0 _aJournal of Machine Engineering
260 _aPoland
260 _bPublishing House of Wrocław Board of Scientific Technical Societies Federation NOT
650 _a Mechanical engineering and machinery
650 _aTechnology
856 _uhttps://doaj.org/toc/c24d762b649f474ba5a5f16a4fa33e30
942 _2ddc
942 _cDOAJEJ
999 _c74792
_d74792
945 _a1
_bMadushi Gamage
_c1
_dMadushi Gamage